UCM

Familia-escola, uma relacao vital (Record no. 35575)

MARC details
000 -LEADER
fixed length control field 00370nam a22001337a 4500
008 - FIXED-LENGTH DATA ELEMENTS--GENERAL INFORMATION
fixed length control field 160309b xxu||||| |||| 00| 0 eng d
100 ## - MAIN ENTRY--PERSONAL NAME
Personal name DIEZ, Juan Jose
245 ## - TITLE STATEMENT
Title Familia-escola, uma relacao vital
Statement of responsibility, etc Juan Jose Diez
260 ## - PUBLICATION, DISTRIBUTION, ETC. (IMPRINT)
Place of publication, distribution, etc Porto
Name of publisher, distributor, etc Porto Editora
Date of publication, distribution, etc 1982
300 ## - PHYSICAL DESCRIPTION
Extent 120p
440 ## - SERIES STATEMENT/ADDED ENTRY--TITLE
Title Coleccao Crescer
650 ## - SUBJECT ADDED ENTRY--TOPICAL TERM
Topical term or geographic name as entry element Relacoes
General subdivision Familia - escola
942 ## - ADDED ENTRY ELEMENTS (KOHA)
Source of classification or shelving scheme Universal Decimal Classification
Item type Books
Holdings
Withdrawn status Lost status Source of classification or shelving scheme Damaged status Not for loan Collection code Home library Current library Shelving location Date acquired Source of acquisition Cost, normal purchase price Inventory number Total Checkouts Full call number Barcode Date last seen Date last borrowed Price effective from Koha item type
    Universal Decimal Classification     Reference Nampula - Educação e Comunicação Nampula - Educação e Comunicação General Stacks 09/03/2016 ALVD 0.00 6073 1 37.064.1 22088769 10/12/2021 28/05/2021 09/03/2016 Books

Universidade Católica de Moçambique - Rua Marquês de Soveral, 960, Palmeiras II, Beira, Moçambique

Tel (Central): (+258) 23 313 077 - Fax: (+258) 23 311 520 - Email: reitoria@ucm.ac.mz - Web: www.ucm.ac.mz